000 01193cam a2200217 4500
001 WB3733-01
008 010905n2001 000 0 eng u
035 _a(Sirsi) u114454
245 _aRICS draft standards for conditions for sale
260 _c2001
490 _aProperty Week
_v66(35) 1 September 2001, 19(1)
520 _aThe RICS aims to standardise the conditions of sale in auction catalogues. Paul Bagust, RICS faculty executive responsible for auctioneering, explains, ' We need the same conditions of sale across the whole auctioneering industry, and I hope that this is what will happen early next year. Conditions of sale have just evolved and auctioneers have tagged bits on, or just made bits up. They have become a bit messy'. The RICS has commissioned plain english lawyer Paul Clark to rewrite the conditions. Comment so far on the draft proposals has been favourable. Deadline for comment on the proposals is the end of September 2001.
590 _aWB
650 _aSTANDARD CONDITIONS OF SALE
650 _aAUCTION CATALOGUES
650 _aPLAIN ENGLISH
650 _aAuctioneering
_96218
650 _aREVISION
690 _aAuctioneering
_96218
942 _n0
999 _c68176
_d68176